| 000 | 01075 a2200205 4500 | ||
|---|---|---|---|
| 001 | 54554 | ||
| 005 | 20260407155819.0 | ||
| 008 | 260407a1951 arg spa d | ||
| 003 | AR-UNSa-BCEJYS | ||
| 040 |
_aAR-UNSa-BCEJYS _bspa _cAR-UNSa-BCEJYS |
||
| 080 |
_a330.101.8 _xClasificación y subdivisiones de la economía. Teórica, práctica. Pura, aplicada. General, especial. Relación de la economía con la teoría de la economía política. Interrelaciones de economía política, economía privada, economía de la empresa (economía comercial). Relación de la economía política general y especial. Economía sectorial |
||
| 245 | 1 | 0 | _aManagerial economics |
| 264 | 1 |
_aNew Jersey : _bPrentice-Hall _c1951 |
|
| 300 |
_axiv, 621 p. _c23 cm. |
||
| 505 | _a1. Profits – 2. Competition – 3. Multiple products – 4. Demand analysis – 5. Cost – 6. Advertising – 7. Basic Price – 8. Procut line pricing – 9. Price diferentials – 10. Capital budgeting. | ||
| 041 | _aspa | ||
| 942 | _cBK | ||
| 590 | _aniveau_biblio:m niveau_hierar:0 | ||
| 100 | 1 | _aDean, Joel | |
| 999 |
_c5634 _d5634 |
||